000 00826nam a2200289Ia 4500
001 A0895
003 IT-RoPAU
008 130308s9999 xx 000 0 und d
040 _aIT-RoPAU
040 _cIT-RoPAU
041 _aITALIANO
100 _aThiel Wolfgang
100 _gCodice Aut. SPICS: 34779
245 _aProblemi, compiti e prospettive di una scienza della musica per il cinema
245 _bTrento Cinema-Incontri internazionali con la Musica per Il Cinema
250 _a1a ed.
260 _aTRENTO
260 _bProvincia Autonoma
260 _c1988 [1° Ed.:1988 - Ed.Ling.Originale:1988]
300 _a"4 p. (prefazione: no ; testo: 4 [pagine: 317-320])"
650 _aGENERI MUSICALI
650 _eCodice materia Spics: 7010
942 _cBK
957 _71
999 _c59512
_d59512
999 _bSI
999 _g1